000 01109nam a2200325Ia 4500
003 OSt
005 20221007124129.0
006 a|||||r|||| 00| 0
007 ta
008 221006b |||||||| |||| 00| 0 eng d
020 _a9781405171250 (pbk)
024 _a86463
037 _b1558, 04/11/2009, Educational Book Agency (India)
_cTextbook
040 _aCDL
_cCDL
_beng
041 _2eng
_aeng
082 _aE9G,982, P9 Carc
100 _aGrogan Gideon
_9718498
245 0 _aPractical biotransformations:a beginner's guide
260 _aChichester
_bWiley
_c2009
300 _axii, 331p.
_ccm.
490 _aPostgraduate chemistry series
500 _aIncludes bibliographical references.; Appendix 309- 322p.; Index 323- 331p.
650 _a Biosynthesis
_9711625
650 _a Enzymes- biotechnology
650 _a Microbial biotechnology
_9711187
650 _a Organic compounds- synthesis
650 _aChemistry
942 _hE9G,982, P9 Carc
_cTB
_2CC
999 _c1213050
_d1213050